| 000 | 00396pab a2200157 454500 | ||
|---|---|---|---|
| 008 | 180718b2007 xxu||||| |||| 00| 0 eng d | ||
| 100 | _aJha, Mohan | ||
| 245 | _aResearch and development for sustainable participatory forest management | ||
| 260 | _c2007 | ||
| 300 | _ap.602-10. | ||
| 362 | _aMay | ||
| 650 | _aForest management | ||
| 773 | _aIndian Forester | ||
| 908 | _aN | ||
| 909 | _a75277 | ||
| 999 |
_c75277 _d75277 |
||